| 000 | 00426nam a2200109Ia 4500 | ||
|---|---|---|---|
| 008 | 171204s9999 xx 000 0 und d | ||
| 245 | _aTeaching And Learning At A Distance: | ||
| 245 | _cMichael Simonson, Sharon Smaldino, and Susan M. Zvacek | ||
| 260 | _c2014 | ||
| 650 | _xPRF Ed 2: Educational Technology 1; Principles of Theories and Education | ||
| 856 | _uhttp://down.ebook777.com/016/TeaAndLeaAtADisFouOfDisEdu6thEdi.pdf | ||
| 999 |
_c345861 _d345861 |
||